Normal view
MARC view
- القرآن -- تفاسير مأثورة
Entry Topical Term
001 - CONTROL NUMBER
- control field: 26886
003 - CONTROL NUMBER IDENTIFIER
- control field: JO-AjAnu
005 - DATE AND TIME OF LATEST TRANSACTION
- control field: 20230606074556.0
008 - FIXED-LENGTH DATA ELEMENTS
- fixed length control field: 230606|| aca||aabn | a|a d
040 ## - CATALOGING SOURCE
- Original cataloging agency: JO-AjAnu
- Transcribing agency: JO-AjAnu
150 ## - HEADING--TOPICAL TERM
- Topical term or geographic name entry element: القرآن -- تفاسير مأثورة
670 ## - SOURCE DATA FOUND
- Source citation: Work cat.: (JO-AjAnu)13810: ابن كثير، إسماعيل بن عمر بن كثير، 701-774 هـ, author 26885, تفسير ابن كثير: تفسير القران العظيم